000 00629nam a2200217 b 4500
003 OSt
005 20160118171549.0
008 051202s2005 sp | ||| ||spa
020 _a84-9815-255-0 (obra completa)
040 _cBMC
082 _a823.438
100 1 _aBerling, Peter
_938030
245 1 4 _aLos hijos del Grial
_cPeter Berling ; [traducción, Helga Pawslowsky]
260 _aMadrid
_bEl País
_c2005
300 _a2 v.
_c21 cm
490 _aNovela histórica
_v11, 12
595 _aTraducción de: Die kinder des gral
650 2 4 _922976
_aNovela Polaca
700 1 _938057
_aPawslowsky, Helga
942 _2ddc
_cBK
999 _c24464
_d24464